Codigo civil esboço.
Guardat en:
| Autor principal: | |
|---|---|
| Format: | Llibre |
| Idioma: | anglès |
| Publicat: |
Brasília, Brasil:
Ministério da Justiça; Fundação Universidade de Brasília,
1983.
|
| Matèries: | |
| Etiquetes: |
Afegir etiqueta
Sense etiquetes, Sigues el primer a etiquetar aquest registre!
|
MARC
| LEADER | 00000nam a22000007a 4500 | ||
|---|---|---|---|
| 003 | CL-VaPUC | ||
| 005 | 20220822114640.0 | ||
| 008 | 220718t1983 ||||| |||| 00| 0 eng d | ||
| 999 | |c 437189 |d 437187 | ||
| 040 | |c Pontificia Universidad Católica de Valparaíso | ||
| 082 | |2 22 |a 346.81 FRE 1983 | ||
| 100 | |9 873222 |a Teixeira de Freitas, Augusto |d 1816-1883 | ||
| 245 | |a Codigo civil esboço. | ||
| 260 | |a Brasília, Brasil: |b Ministério da Justiça; |b Fundação Universidade de Brasília, |c 1983. | ||
| 300 | |a 2 Volúmenes. | ||
| 500 | |a c.1 Volumen 1: Donación Familia Prof. Alejandro Guzmán Brito. c.1 Volumen 2: Donación Familia Prof. Alejandro Guzmán Brito. | ||
| 583 | |c 20220718 |k Yessy Sthefany Diaz Vidal | ||
| 650 | 0 | |9 256135 |a Código civil |z Brasil | |
| 650 | 0 | |9 255013 |a Derecho civil |z Brasil | |
| 942 | |2 ddc |c BK |n 0 | ||
| 952 | |0 0 |1 0 |2 ddc |4 0 |6 346_810000000000000_FRE_1983 |7 0 |8 C_GPS |9 584942 |a BIBDER |b BIBDER |d 2022-07-18 |e Donación |h v.1 |i 5652859 |o 346.81 FRE 1983 |p 5652859 |r 2023-01-25 |t 1 |w 2022-07-18 |y BK_US |k AGB | ||
| 952 | |0 0 |1 0 |2 ddc |4 0 |6 346_810000000000000_FRE_1983 |7 0 |8 C_AGB |9 584944 |a BIBDER |b BIBDER |d 2022-07-18 |e Donación |h v.2 |i 5652860 |o 346.81 FRE 1983 |p 5652860 |r 2023-01-25 |t 1 |w 2022-07-18 |y BK_US |k AGB | ||